The Malaysian economy in figures : 2009.
| Corporate Author: | |
|---|---|
| Format: | Book |
| Published: |
Kuala Lumpur:
Economic Planning Unit,Prime Minister's Department,
2009.
|
| Subjects: |
| LEADER | 00522cam a2200145 7i4500 | ||
|---|---|---|---|
| 001 | 0000023687 | ||
| 005 | 20091013090000.0 | ||
| 090 | 0 | 0 | |a STAT 310.9 |b ECO (M) |
| 110 | 2 | 0 | |a Economic Planning Unit,Prime Minister's Department |
| 245 | 2 | 0 | |a The Malaysian economy in figures : |b 2009. |
| 260 | 0 | 0 | |a Kuala Lumpur: |b Economic Planning Unit,Prime Minister's Department, |c 2009. |
| 300 | # | # | |a 57 p. |
| 650 | 0 | 0 | |a Malaysia -- |x Economic conditions -- |x Statistics |
| 651 | 0 | 0 | |a Malaysia |
| 999 | |a 0000025417 |b Book |c Statistics |e Business Information Centre | ||